书目信息 |
| 题名: |
第二条设计真知
|
|
| 作者: | 赵江洪, , 张军 , 龚克 著 | |
| 分册: | ||
| 出版信息: | 石家庄 河北美术出版社 2003 |
|
| 页数: | 122页, [1] 页图版 | |
| 开本: | 21cm | |
| 丛书名: | 艺术设计教学新理念名师讲座系列丛书 | |
| 单 册: | ||
| 中图分类: | TB472 | |
| 科图分类: | ||
| 主题词: | 工业产品--gong ye chan pin--造型设计--研究 | |
| 电子资源: | ||
| ISBN: | 7-5310-2135-8 | |
| 000 | 01021nam 2200277 450 | |
| 001 | 0000143609 | |
| 005 | 20070718171940.29 | |
| 010 | @a7-5310-2135-8@dCNY29.00 | |
| 100 | @a20031105d2003 em y0chiy0121 ea | |
| 101 | 0 | @achi |
| 102 | @aCN@b130000 | |
| 105 | @aacf z 000yy | |
| 200 | 1 | @a第二条设计真知@e当代工业产品设计可持续发展的问题@f赵江洪, 张军, 龚克著@Adi er tiao she ji zhen zhi |
| 210 | @a石家庄@c河北美术出版社@d2003 | |
| 215 | @a122页, [1] 页图版@c图, 肖像@d21cm | |
| 225 | 2 | @a艺术设计教学新理念名师讲座系列丛书@i工业产品设计教学讲座 |
| 410 | 0 | @12001 @a工业产品设计教学讲座 |
| 410 | 0 | @12001 @a艺术设计教学新理念名师讲座系列丛书 |
| 517 | 1 | @a当代工业产品设计可持续发展的问题@Adang dai gong ye chan pin she ji ke chi xu fa zhan de wen ti |
| 606 | 0 | @a工业产品@Agong ye chan pin@x造型设计@x研究 |
| 690 | @aTB472@v4 | |
| 701 | 0 | @a赵江洪,@f1954-@4著@Azhao jiang hong , |
| 701 | 0 | @a张军@4著@Azhang jun |
| 701 | 0 | @a龚克@4著@Agong ke |
| 801 | 0 | @aCN@bPFT@c20070718 |
| 905 | @a10447@dTB472@e164 | |
| 第二条设计真知:当代工业产品设计可持续发展的问题/赵江洪, 张军, 龚克著.-石家庄:河北美术出版社,2003 |
| 122页, [1] 页图版:图, 肖像;21cm.-(艺术设计教学新理念名师讲座系列丛书.工业产品设计教学讲座) |
| ISBN 7-5310-2135-8:CNY29.00 |
| ● |
| 相关链接 |
|
|
|
|
正题名:第二条设计真知
索取号:TB472/164
 
预约/预借
| 序号 | 登录号 | 条形码 | 馆藏地/架位号 | 状态 | 备注 |
| 1 | 0780580 | 207805801 | 第二样本阅览室/ [索取号:TB472/164] | 在馆 | |
| 2 | 0780581 | 207805810 | 第三借阅区/ [索取号:TB472/164] | 在馆 | |
| 3 | 0780582 | 207805829 | 第三借阅区/ [索取号:TB472/164] | 在馆 | |
| 4 | 0780583 | 207805838 | 第三借阅区/ [索取号:TB472/164] | 在馆 | |
| 5 | 0780584 | 207805847 | 第三借阅区/ [索取号:TB472/164] | 在馆 | |
| 6 | 0780585 | 207805856 | 第三借阅区/ [索取号:TB472/164] | 在馆 |